Adapting Cobweb theorem to regional labor markets in Russia

Guardado en:
Detalles Bibliográficos
Autor principal: Gerasimova, Valentina V.
Otros Autores: Ignatieva, E.A
Formato: Capítulo de libro
Lenguaje:inglés
Materias:
Etiquetas: Agregar Etiqueta
Sin Etiquetas, Sea el primero en etiquetar este registro!

MARC

LEADER 00000naa$a2200000$$$4500
001 0039783
005 20221128094608.8
041 0 |a eng 
044 |a SK 
245 1 0 |a Adapting Cobweb theorem to regional labor markets in Russia  |c Valentina V. Gerasimova, E.A. Ignatieva 
610 2 0 |a systémy ekonomické 
610 2 0 |a modely 
610 2 0 |a trh práce 
610 2 0 |a regióny 
610 2 0 |a Rusko 
610 2 0 |a modely ekonomické 
100 1 |a Gerasimova, Valentina V. 
700 1 |a Ignatieva, E.A.